LIBRARY & INFORMATION CENTRE, KCAET, TAVANUR

ONLINE PUBLIC ACCESS CATALOGUE (OPAC)

Machine Drawing / (Record no. 1895)

MARC details
000 -LEADER
fixed length control field 00258cam a2200109ua 4500
082 ## - DEWEY DECIMAL CLASSIFICATION NUMBER
Classification number 621.8152
Item number BHA/MA
100 ## - MAIN ENTRY--AUTHOR NAME
Personal name Bhatt, N D.
245 ## - TITLE STATEMENT
Title Machine Drawing /
260 ## - PUBLICATION, DISTRIBUTION, ETC. (IMPRINT)
Place of publication Anand :
Name of publisher Charotar Publishing House ,
Year of publication 23.
300 ## - PHYSICAL DESCRIPTION
Number of Pages 214 ; .
942 ## - ADDED ENTRY ELEMENTS (KOHA)
Koha item type Books
Holdings
Withdrawn status Lost status Damaged status Home library Current library Date acquired Full call number Accession Number Koha item type
      KAUAET KAUAET 07/04/2012 621.8152 14290 Books
      KAUAET KAUAET 11/10/1986 621.8152 15964 Books
      KAUAET KAUAET 07/04/2012 621.8152 2546 Books
      KAUAET KAUAET 21/10/2022 621.8152 BHA/MA 15953 Books
free website counter